Search the Library Catalogue
| 000 -LEADER | |
|---|---|
| fixed length control field | 00512nam a22001817a 4500 |
| 008 - FIXED-LENGTH DATA ELEMENTS--GENERAL INFORMATION | |
| fixed length control field | 250513b |||||||| |||| 00| 0 eng d |
| 020 ## - INTERNATIONAL STANDARD BOOK NUMBER | |
| ISBN | 9788024643793 |
| Paper back/Hardbound | pbk |
| 041 ## - LANGUAGE CODE | |
| Language code of text/sound track or separate title | eng |
| 082 ## - DEWEY DECIMAL CLASSIFICATION NUMBER | |
| Classification number | 282.092 |
| Item number | SLA |
| 100 ## - MAIN ENTRY--AUTHOR NAME | |
| Personal name | Sládek, Karel |
| 245 ## - TITLE STATEMENT | |
| Title | Tomás Spidlík |
| Sub Title | A Theological Life |
| Statement of responsibility, etc | / Karel Sládek |
| 250 ## - EDITION STATEMENT | |
| Edition statement | 1st ed. |
| 260 ## - PUBLICATION, DISTRIBUTION, ETC. (IMPRINT) | |
| Name of publisher | karolinum Press |
| Year of publication | c2019 |
| 300 ## - PHYSICAL DESCRIPTION | |
| Number of Pages | 112 p. |
| Dimensions | 21 cm. |
| 650 ## - SUBJECT ADDED ENTRY--TOPICAL TERM | |
| Topical Term | Catholicism RELIGION; Christian Theology; christian |
| 942 ## - ADDED ENTRY ELEMENTS (KOHA) | |
| Koha item type | English Books |
| Withdrawn status | Lost status | Damaged status | Not for loan | Home library | Current library | Shelving location | Date acquired | Cost, normal purchase price | Full call number | Accession Number | Price effective from | Koha item type | Copy number |
|---|---|---|---|---|---|---|---|---|---|---|---|---|---|
| Anna Centenary Library | Anna Centenary Library | 3RD FLOOR, B WING | 27.03.2025 | 1093.00 | 282.092 SLA | 702696 | 27.03.2025 | English Books | |||||
| Anna Centenary Library | Anna Centenary Library | 3RD FLOOR, B WING | 13.05.2025 | 1093.00 | 282.092 SLA;1 | 702697 | 13.05.2025 | English Books | 1 |